| 000 | 01082nam a2200253 i 4500 | ||
|---|---|---|---|
| 001 | 164852 | ||
| 003 | ES-MaACL | ||
| 005 | 20250809031333.0 | ||
| 008 | 960306s1839 fr |||| | fre d | ||
| 040 |
_aEUS _bspa _cEUS |
||
| 100 | 1 |
_aSavigny, Friedrich Carl von, _d1779-1861 _9104070 |
|
| 245 | 1 | 0 |
_aHistoire du droit romain au moyen age / _cpar F.C. de Savigny ; traduite de l'allemand et précédée d'une notice sur la vie et les écrits de l'auteur par M. Charles Guenoux... |
| 260 |
_aParis : _bCharles Hingray, éditeur... : _bAug. Durand, libraire..., _c1839 ( _fImprimerie de E.-B. Delanchy...) |
||
| 300 |
_a3 v. ([4], 312, VIII, 192 ; [4], V, [1] h. en bl., 7-428 ; [4], VII, [1] h. en bl. 9-544 p.) ; _c22 cm. |
||
| 597 | _aSignaturizado. | ||
| 597 | _aAntep. | ||
| 597 | _aEnc. 4 t. en 3 v. | ||
| 650 | 0 | 4 |
_aDerecho romano- _vHistoria. _911766 |
| 650 | 7 |
_aDerecho medieval _2embne _9159327 |
|
| 700 | 1 |
_aGuenoux, Charles. _9127597 |
|
| 852 |
_aES-MaACL _jF-14161-62 _z-- Enc. hol. _z-- 4 t. en 3 v. |
||
| 999 |
_c164852 _d164852 |
||